000 00735cam a22002053a 4500
001 39465
003 PGUSA
005 20140828083857.0
008 120417s2012||||xxu|||||s|||||000 | eng d
040 _aPGUSA
_beng
042 _adc
100 1 _aVictor, Frances Fuller,
_d1826-1902
245 1 0 _aEleven Years in the Rocky Mountains and Life on the Frontier :
_bAlso a History of the Sioux War, and a Life of Gen. George A. Custer with Full Account of His Last Battle
_h[electronic resource] /
_cFrances Fuller Victor
260 _bProject Gutenberg,
_c2012
506 _aPublic domain in the USA.
516 _aElectronic text
830 0 _aProject Gutenberg
_v39465
856 4 0 _uhttp://www.gutenberg.org/ebooks/39465
942 _cEB
999 _c268718
_d268718